| 000 | 00809nam a22002057a 4500 | ||
|---|---|---|---|
| 005 | 20240909112444.0 | ||
| 010 | _aENG-141473 | ||
| 020 |
_c1595.00 _a9788195554539(Vol 2) |
||
| 035 | _aEN-125005 | ||
| 037 | _bDBAD | ||
| 082 | _a954 | ||
| 245 |
_aRelevance of the Universal Mission of the Bengali Renaissance for a Sustainable Future for India and the World/ _cEdited By Kalyan Kumar Chakravarty [and] Sarmistha De Basu |
||
| 260 |
_aNew Delhi _bKunal Books _c2024 |
||
| 270 |
_bNew Delhi _e110002 _a4648/21 1st Floor, Ansari Road, Darya Ganj _k9811043697 _k011-23275069 _mkunalbooks@gmail.com |
||
| 300 |
_axxx,364p; _c23cm(hbk) |
||
| 490 | _vVol 2 | ||
| 700 |
_aChakravarty, Kalyan Kumar _eEditor _971285 |
||
| 700 |
_aBasu, Sarmistha De _eEditor _971286 |
||
| 942 |
_2ddc _cEN _h954 _mREL |
||
| 999 |
_c205698 _d205698 |
||